[Event "DEM U14 2014"]
[Site "Magdeburg GER"]
[Date "2014.06.08"]
[Round "2"]
[White "Bureik, Nicolas"]
[Black "Niermann, Tristan"]
[Result "0-1"]
[Termination "normal"]
[Board "23"]
[WhiteElo "1513"]
[BlackElo "1819"]
[PlyCount "48"]
[WhiteFideId "12971863"]
[BlackFideId "12990698"]
[EventCountry "GER"]
[EventRounds "9"]
[EventType "swiss"]
[EventDate "2014.06.07"]

1. d4 d5 2. c4 c6 3. Nc3 dxc4 4. e3 b5 5. a4 b4 6. Na2 e6 7. Bxc4 Nf6 8. Bd2 a5
9. Nf3 Ba6 10. Rc1 Bxc4 11. Rxc4 Qd5 12. b3 Be7 13. O-O O-O 14. Nc1 Ne4 15. Nd3
c5 16. Qc2 Na6 17. Qb2 Rac8 18. Rfc1 Rc7 19. Qb1 g5 20. Be1 Rfc8 21. Bd2 g4 22.
Nf4 Qb7 23. dxc5 Naxc5 24. Bxb4 axb4 0-1

[Event "DEM U14 2014"]
[Site "Magdeburg GER"]
[Date "2014.06.08"]
[Round "2"]
[White "Piskaykin, Bogdan"]
[Black "Amler, Nick"]
[Result "1/2-1/2"]
[Termination "normal"]
[Board "24"]
[WhiteElo "1672"]
[BlackElo "1414"]
[PlyCount "112"]
[WhiteFideId "12941212"]
[BlackFideId "12930539"]
[EventCountry "GER"]
[EventRounds "9"]
[EventType "swiss"]
[EventDate "2014.06.07"]

1. e4 c6 2. d4 d5 3. e5 Bf5 4. h4 h6 5. g4 Bd7 6. h5 e6 7. Nf3 c5 8. c3 Qb6 9.
a3 a5 10. Nbd2 Nc6 11. Qb3 Qxb3 12. Nxb3 cxd4 13. Nbxd4 Bc5 14. Be3 Bxd4 15.
cxd4 Nge7 16. Bd3 Rc8 17. O-O Na7 18. Rfc1 Bb5 19. Rxc8+ Nexc8 20. Bxb5+ Nxb5
21. a4 Nba7 22. Nd2 Nc6 23. Nb3 b6 24. f4 N8e7 25. Nd2 Kd7 26. Rc1 Nb4 27. Nb1
Nec6 28. Na3 Nd3 29. Rb1 Na7 30. Nb5 Nxb5 31. axb5 Rc8 32. g5 Rh8 33. g6 fxg6
34. hxg6 Rf8 35. Rf1 Nxb2 36. Bc1 Nc4 37. Rf2 Rf5 38. Rh2 Ke7 39. Kf2 Kd7 40.
Rxh6 Rf8 41. Rh7 Rg8 42. Ke2 a4 43. Rh3 Ra8 44. Ba3 Ra5 45. Kd1 Nxa3 46. Rxa3
Rxb5 47. Rxa4 Ra5 48. Rxa5 bxa5 49. Kc2 Kc6 50. Kb3 Kb6 51. Kb2 Kc6 52. Ka3 Kc7
53. Kb3 Kc6 54. Ka4 Kb6 55. Ka3 Kb5 56. Ka2 Kb6 1/2-1/2

[Event "DEM U14 2014"]
[Site "Magdeburg GER"]
[Date "2014.06.09"]
[Round "3"]
[White "Schröder, Kevin"]
[Black "Lagunow, Raphael"]
[Result "1-0"]
[Termination "normal"]
[Board "1"]
[WhiteElo "2178"]
[BlackElo "2066"]
[WhiteClock "00:37:37"]
[BlackClock "00:06:22"]
[PlyCount "137"]
[WhiteFideId "12929840"]
[BlackFideId "24652644"]
[EventCountry "GER"]
[EventRounds "9"]
[EventType "swiss"]
[EventDate "2014.06.07"]

1. Nf3 c5 2. c4 Nc6 3. Nc3 g6 4. g3 Bg7 5. Bg2 d6 6. O-O Qd7 7. b3 Bxc3 8. dxc3
b6 9. b4 Bb7 10. Rb1 h5 11. bxc5 dxc5 12. Qxd7+ Kxd7 13. Be3 Na5 14. Bxc5 Nxc4
15. Rb4 Na5 16. Ne5+ Ke8 17. Bxb7 Nxb7 18. Bd4 Nf6 19. Rc4 Na5 20. Ra4 Rg8 21.
Rd1 Rd8 22. Rd3 Nd7 23. Bxb6 axb6 24. Rad4 f6 25. Nxd7 Nc6 26. Rc4 Rxd7 27.
Rxc6 Rb7 28. Rc8+ Kf7 29. Rxg8 Kxg8 30. e3 Ra7 31. Rd2 Rc7 32. Rc2 Kf7 33. Kf1
Ke6 34. Rb2 Rc6 35. Ke2 Kd5 36. Kd3 Kc5 37. Rd2 Kd6 38. Kc2+ Kc7 39. Kb3 Rc5
40. Rd4 Re5 41. a4 Rf5 42. f4 Ra5 43. Kb4 e6 44. e4 e5 45. Rd2 exf4 46. gxf4 g5
47. h3 gxf4 48. Rf2 f5 49. Rxf4 fxe4 50. Rxe4 Rg5 51. Re7+ Kc6 52. Rh7 Rf5 53.
h4 Rf4+ 54. c4 Rf5 55. Rh6+ Kc7 56. Rg6 Rf4 57. Rh6 Rf5 58. Rg6 Rf4 59. Rg5
Rxh4 60. Rg7+ Kc6 61. Rg6+ Kc7 62. Kb5 Rg4 63. Rc6+ Kd7 64. Rxb6 Rg1 65. Rb7+
Kc8 66. Rh7 Rb1+ 67. Kc6 Kd8 68. a5 Rb4 69. c5 1-0

[Event "DEM U14 2014"]
[Site "Magdeburg GER"]
[Date "2014.06.09"]
[Round "3"]
[White "Höglauer, Patrick"]
[Black "Kitze, Alexander"]
[Result "1/2-1/2"]
[Termination "normal"]
[Board "2"]
[WhiteElo "2069"]
[BlackElo "2058"]
[WhiteClock "00:07:41"]
[BlackClock "00:01:50"]
[PlyCount "68"]
[WhiteFideId "1270548"]
[BlackFideId "12914827"]
[EventCountry "GER"]
[EventRounds "9"]
[EventType "swiss"]
[EventDate "2014.06.07"]

1. d4 Nf6 2. c4 g6 3. Nc3 d5 4. cxd5 Nxd5 5. e4 Nxc3 6. bxc3 Bg7 7. Bg5 c5 8.
Rc1 cxd4 9. cxd4 O-O 10. Nf3 Bg4 11. d5 Nd7 12. Be2 Nb6 13. O-O Qd6 14. Qd2
Rac8 15. Qa5 a6 16. Be3 Bxf3 17. gxf3 Nd7 18. f4 e5 19. fxe5 Qxe5 20. Qb4 Rxc1
21. Rxc1 Nf6 22. Bf3 Re8 23. Qxb7 Nxe4 24. Qxa6 Nxf2 25. Rc8 Qxe3 26. Rxe8+
Qxe8 27. Kxf2 Bd4+ 28. Kg2 Qe3 29. Qf1 Qd2+ 30. Qe2 Qg5+ 31. Kh3 Qf5+ 32. Kg2
Qg5+ 33. Kh3 Qf5+ 34. Kg2 h5 1/2-1/2

[Event "DEM U14 2014"]
[Site "Magdeburg GER"]
[Date "2014.06.09"]
[Round "3"]
[White "Buckels, Valentin"]
[Black "Schmidek, Emil"]
[Result "1/2-1/2"]
[Termination "normal"]
[Board "3"]
[WhiteElo "2102"]
[BlackElo "2038"]
[WhiteClock "00:20:22"]
[BlackClock "00:27:34"]
[PlyCount "46"]
[WhiteFideId "12942766"]
[BlackFideId "12908150"]
[EventCountry "GER"]
[EventRounds "9"]
[EventType "swiss"]
[EventDate "2014.06.07"]

1. d4 Nf6 2. c4 g6 3. Nf3 Bg7 4. g3 O-O 5. Bg2 d5 6. cxd5 Nxd5 7. O-O c5 8.
dxc5 Na6 9. Nbd2 Nxc5 10. Nb3 Ne6 11. Ng5 Nb4 12. Nxe6 Bxe6 13. Bxb7 Qxd1 14.
Rxd1 Rab8 15. Nc5 Nc2 16. Bf4 Rxb7 17. Nxb7 Nxa1 18. Rxa1 Bxb2 19. Rb1 Bd4 20.
Rd1 Bb6 21. a4 Bc8 22. a5 Bxb7 23. axb6 axb6 1/2-1/2

[Event "DEM U14 2014"]
[Site "Magdeburg GER"]
[Date "2014.06.09"]
[Round "3"]
[White "Ovsepyan, Arshak"]
[Black "Kololli, Kevin"]
[Result "0-1"]
[Termination "normal"]
[Board "4"]
[WhiteElo "2013"]
[BlackElo "2030"]
[WhiteClock "00:11:56"]
[BlackClock "00:46:45"]
[PlyCount "142"]
[WhiteFideId "24690236"]
[BlackFideId "12936863"]
[EventCountry "GER"]
[EventRounds "9"]
[EventType "swiss"]
[EventDate "2014.06.07"]

1. d4 Nf6 2. c4 c5 3. d5 b5 4. Qc2 d6 5. e4 g6 6. cxb5 Bg7 7. Nc3 O-O 8. Nf3 a6
9. a4 Nbd7 10. Be2 axb5 11. Bxb5 Ba6 12. O-O Bxb5 13. Nxb5 Qb6 14. Bd2 Rfb8 15.
Bc3 Qb7 16. Nd2 Ne8 17. Bxg7 Kxg7 18. Nc4 f6 19. Qc3 Nc7 20. Nca3 Nxb5 21. Nxb5
Nb6 22. b3 Nc8 23. Qh3 Na7 24. Qe6 Nxb5 25. axb5 Kf8 26. f4 Qxb5 27. Rxa8 Rxa8
28. e5 Qe2 29. Qh3 Ra2 30. exf6 exf6 31. Qc8+ Kg7 32. Qd7+ Kh6 33. Qh3+ Qh5 34.
Qc8 Qxd5 35. Qh3+ Qh5 36. Qc8 Qe2 37. Qh3+ Kg7 38. Qd7+ Kg8 39. Qc8+ Kf7 40.
Qb7+ Qe7 41. Qd5+ Kg7 42. Qf3 Re2 43. g3 Re1 44. Kf2 Rxf1+ 45. Kxf1 Qe6 46. g4
d5 47. Kf2 g5 48. f5 Qe5 49. Kg2 h5 50. h3 h4 51. Kf1 Kh6 52. Kg2 Qb2+ 53. Kf1
Qc1+ 54. Kg2 Qd2+ 55. Kf1 Kg7 56. Kg1 Kf7 57. Kh1 Ke7 58. Qf1 Kd6 59. Qa6+ Ke5
60. Qa1+ Kf4 61. Qg1 Qe3 62. Qh2+ Ke4 63. Qc2+ Ke5 64. Qh2+ Qf4 65. Qb2+ d4 66.
Qa3 Qf3+ 67. Kg1 Qg3+ 68. Kf1 Qxh3+ 69. Ke1 Qc3+ 70. Ke2 d3+ 71. Kf1 d2 0-1

[Event "DEM U14 2014"]
[Site "Magdeburg GER"]
[Date "2014.06.09"]
[Round "3"]
[White "Vogel, Roven"]
[Black "Gungl, Theo"]
[Result "1/2-1/2"]
[Termination "normal"]
[Board "5"]
[WhiteElo "2270"]
[BlackElo "2066"]
[WhiteClock "00:22:29"]
[BlackClock "00:05:42"]
[PlyCount "69"]
[WhiteFideId "12908088"]
[BlackFideId "24695653"]
[EventCountry "GER"]
[EventRounds "9"]
[EventType "swiss"]
[EventDate "2014.06.07"]

1. g3 Nf6 2. Bg2 d5 3. Nf3 c6 4. O-O g6 5. b3 Bg7 6. Bb2 O-O 7. c4 Nbd7 8. Qc2
b6 9. d3 Bb7 10. e4 e6 11. Nbd2 c5 12. cxd5 exd5 13. Rfe1 Re8 14. Nh4 d4 15.
Nc4 Qc7 16. Bc1 Ne5 17. Bd2 Nfd7 18. h3 Nxc4 19. bxc4 Bf6 20. Nf3 Ne5 21. Nh2
Nc6 22. a3 Bg7 23. f4 f6 24. Rf1 Re7 25. Bf3 Nd8 26. Rae1 Nf7 27. Kg2 Rae8 28.
h4 Bc8 29. Rh1 Bd7 30. g4 Qc8 31. Kf2 Rf8 32. Rb1 h6 33. Qd1 g5 34. hxg5 fxg5
35. f5 1/2-1/2

[Event "DEM U14 2014"]
[Site "Magdeburg GER"]
[Date "2014.06.09"]
[Round "3"]
[White "Herbrig, Alexander"]
[Black "Kololli, Martin"]
[Result "0-1"]
[Termination "normal"]
[Board "6"]
[WhiteElo "1886"]
[BlackElo "2056"]
[WhiteClock "00:29:55"]
[BlackClock "00:47:48"]
[PlyCount "110"]
[WhiteFideId "12952044"]
[BlackFideId "12936910"]
[EventCountry "GER"]
[EventRounds "9"]
[EventType "swiss"]
[EventDate "2014.06.07"]

1. e4 e5 2. Nf3 Nc6 3. Bb5 a6 4. Ba4 Nf6 5. O-O Be7 6. Re1 b5 7. Bb3 d6 8. c3
O-O 9. h3 Nb8 10. d4 Nbd7 11. Nbd2 Bb7 12. Bc2 Re8 13. Nf1 Bf8 14. Ng3 g6 15.
b3 Bg7 16. d5 Nb6 17. Bd3 c6 18. c4 cxd5 19. cxd5 Nfxd5 20. exd5 e4 21. Bg5 f6
22. Bxe4 fxg5 23. Rc1 Rc8 24. Rxc8 Bxc8 25. Qd2 g4 26. hxg4 Bxg4 27. Nd4 Qh4
28. Ne6 Be5 29. f4 Bxe6 30. fxe5 Bd7 31. Qe3 Rxe5 32. Qxb6 Qxg3 33. Re3 Qf4 34.
g3 Qg5 35. Kf2 Qf6+ 36. Rf3 Qe7 37. Bd3 Bg4 38. Rf4 Be2 39. Qd4 g5 40. Re4 Bxd3
41. Rxe5 Qf6+ 42. Ke3 Qxe5+ 43. Qxe5 dxe5 44. Kxd3 h5 45. Ke4 h4 46. gxh4 gxh4
47. Kf3 Kf7 48. Kg4 Ke7 49. Kxh4 Kd6 50. Kg4 b4 51. Kf3 Kxd5 52. Ke3 e4 53. Ke2
Kd4 54. Kd2 e3+ 55. Ke2 Ke5 0-1

[Event "DEM U14 2014"]
[Site "Magdeburg GER"]
[Date "2014.06.09"]
[Round "3"]
[White "Dallinger, Moritz"]
[Black "Pallas, Sebastian"]
[Result "0-1"]
[Termination "normal"]
[Board "7"]
[WhiteElo "1544"]
[BlackElo "2004"]
[WhiteClock "01:29:11"]
[BlackClock "01:19:38"]
[PlyCount "36"]
[WhiteFideId "12910864"]
[BlackFideId "12905453"]
[EventCountry "GER"]
[EventRounds "9"]
[EventType "swiss"]
[EventDate "2014.06.07"]

1. e4 c5 2. Nf3 d6 3. d4 cxd4 4. Qxd4 a6 5. Bg5 Nc6 6. Qd2 h6 7. Be3 Nf6 8. Nc3
e6 9. Bc4 Be7 10. Bb3 Qc7 11. O-O-O b5 12. Bf4 b4 13. Nb1 Nxe4 14. Qe1 Nc5 15.
a3 Nxb3+ 16. cxb3 Nd4+ 17. Kd2 Qc2+ 18. Ke3 Nf5# 0-1

[Event "DEM U14 2014"]
[Site "Magdeburg GER"]
[Date "2014.06.09"]
[Round "3"]
[White "Fieberg, Samuel"]
[Black "Bergauz, Noam"]
[Result "1/2-1/2"]
[Termination "normal"]
[Board "8"]
[WhiteElo "1978"]
[BlackElo "2147"]
[WhiteClock "00:55:16"]
[BlackClock "00:21:54"]
[PlyCount "99"]
[WhiteFideId "12901717"]
[BlackFideId "12938033"]
[EventCountry "GER"]
[EventRounds "9"]
[EventType "swiss"]
[EventDate "2014.06.07"]

1. e4 e6 2. Nf3 d5 3. Nc3 Nf6 4. e5 Nfd7 5. d4 c5 6. Bg5 Qb6 7. dxc5 Bxc5 8.
Qd2 Bxf2+ 9. Qxf2 Qxb2 10. Kd2 Qxa1 11. Bb5 Qxh1 12. Qc5 Qxg2+ 13. Kc1 Nc6 14.
Bxc6 Qxg5+ 15. Nxg5 bxc6 16. Qxc6 Bb7 17. Qxb7 Rd8 18. Nxd5 exd5 19. e6 fxe6
20. Qc6 O-O 21. Qxe6+ Kh8 22. Nf7+ Rxf7 23. Qxf7 Nb6 24. Qxa7 Nc4 25. Qe7 Ra8
26. Qf7 Rd8 27. a4 h6 28. Qe7 Rd6 29. a5 Kh7 30. Kb1 Ra6 31. Kc1 Rxa5 32. Kd1
Ra1+ 33. Ke2 Rc1 34. Kd3 Rd1+ 35. Kc3 Rd2 36. h4 Rh2 37. Qe6 Rxh4 38. Qxd5 Rf4
39. Qd3+ Kg8 40. Qd8+ Kh7 41. Qc7 Rg4 42. Qf7 Rh4 43. Qe7 Rg4 44. Qe2 h5 45.
Kb4 Kh6 46. Kc5 Rf4 47. Kd5 h4 48. Qe6+ g6 49. Qe8 Kh5 50. Qe2+ 1/2-1/2

[Event "DEM U14 2014"]
[Site "Magdeburg GER"]
[Date "2014.06.09"]
[Round "3"]
[White "Ramien, David"]
[Black "Martin, Julian"]
[Result "0-1"]
[Termination "normal"]
[Board "10"]
[WhiteElo "1883"]
[BlackElo "1952"]
[PlyCount "120"]
[WhiteFideId "12948241"]
[BlackFideId "12941000"]
[EventCountry "GER"]
[EventRounds "9"]
[EventType "swiss"]
[EventDate "2014.06.07"]

1. e4 c5 2. Nf3 Nc6 3. Bb5 Nf6 4. Qe2 Qc7 5. Nc3 a6 6. Bxc6 Qxc6 7. d4 cxd4 8.
Nxd4 Qb6 9. Nb3 d6 10. Be3 Qc7 11. Nd5 Nxd5 12. exd5 Bd7 13. c4 b5 14. c5 dxc5
15. Bxc5 e6 16. Rc1 Bxc5 17. Rxc5 Qb6 18. O-O O-O 19. d6 Rac8 20. Qe5 Rfd8 21.
Rfc1 Rxc5 22. Qxc5 Qxc5 23. Rxc5 Be8 24. Kf1 Rxd6 25. Rc8 Kf8 26. Ke2 Rc6 27.
Rxc6 Bxc6 28. Nc5 a5 29. f3 Ke7 30. Ke3 Kd6 31. Nd3 e5 32. g3 Bd7 33. Nf2 Kd5
34. Ne4 f6 35. Nc3+ Kc4 36. Ne4 b4 37. g4 Kd5 38. Ng3 Ke6 39. Ne4 Bc6 40. Nc5+
Kd6 41. Nb3 a4 42. Nd2 Kc5 43. h3 g6 44. h4 h6 45. Kd3 Bd5 46. a3 bxa3 47. bxa3
f5 48. gxf5 gxf5 49. Ke3 Bc6 50. Kd3 Bb5+ 51. Kc3 Be2 52. h5 Bb5 53. Nb1 Ba6
54. Kd2 Kc4 55. Nc3 Bb5 56. Nd1 Kb3 57. Ne3 Bd7 58. Nc2 f4 59. Ne1 Bc6 60. Kc1
e4 0-1

[Event "DEM U14 2014"]
[Site "Magdeburg GER"]
[Date "2014.06.09"]
[Round "3"]
[White "Müller, Elias"]
[Black "Poghosyan, Tigran"]
[Result "0-1"]
[Termination "normal"]
[Board "11"]
[WhiteElo "1686"]
[BlackElo "2026"]
[PlyCount "100"]
[WhiteFideId "12917133"]
[BlackFideId "12909319"]
[EventCountry "GER"]
[EventRounds "9"]
[EventType "swiss"]
[EventDate "2014.06.07"]

1. e4 e5 2. Nf3 Nc6 3. d4 exd4 4. Bc4 Nf6 5. e5 Ne4 6. c3 d5 7. exd6 Nxd6 8.
Be2 dxc3 9. Nxc3 h6 10. Bf4 Be6 11. O-O Be7 12. Qa4 O-O 13. Rfd1 a6 14. Rac1
Kh8 15. Ne5 Nxe5 16. Bxe5 b5 17. Qc2 Bf6 18. f4 Qe7 19. Nd5 Bxd5 20. Rxd5 Rac8
21. Bg4 Rce8 22. b3 Bxe5 23. Rxe5 Qf6 24. Rxe8 Rxe8 25. Qxc7 Qxf4 26. h3 f5 27.
Bh5 Rc8 28. Qxc8+ Nxc8 29. Rxc8+ Kh7 30. Ra8 Qd6 31. Bf3 Kg6 32. Rc8 Kg5 33.
Rc6 Qa3 34. g3 f4 35. h4+ Kf5 36. g4+ Ke5 37. Rc2 Kd4 38. Re2 Kd3 39. Kf2 Qc5+
40. Kg2 Qc7 41. Kf2 Qd8 42. Be4+ Kc3 43. Rc2+ Kb4 44. Kf3 g5 45. h5 Qd4 46. Re2
Qg1 47. Bd3 Qg3+ 48. Ke4 Qxg4 49. Kd5 Qf3+ 50. Re4+ Ka3 0-1

[Event "DEM U14 2014"]
[Site "Magdeburg GER"]
[Date "2014.06.09"]
[Round "3"]
[White "Hofmann, Rares"]
[Black "Nguyen, Huy Dat"]
[Result "0-1"]
[Termination "normal"]
[Board "12"]
[WhiteElo "1890"]
[BlackElo "1921"]
[PlyCount "78"]
[WhiteFideId "12976440"]
[BlackFideId "12923486"]
[EventCountry "GER"]
[EventRounds "9"]
[EventType "swiss"]
[EventDate "2014.06.07"]

1. e4 c5 2. Nf3 d6 3. d4 cxd4 4. Nxd4 Nf6 5. Nc3 a6 6. Bc4 e6 7. O-O Nbd7 8.
Re1 b5 9. Bxe6 fxe6 10. Nxe6 Qb6 11. Nd5 Nxd5 12. exd5 Ne5 13. Bf4 Bxe6 14.
Bxe5 dxe5 15. Rxe5 O-O-O 16. Rxe6 Qxe6 17. dxe6 Rxd1+ 18. Rxd1 Be7 19. Rd3 Rd8
20. Rc3+ Kb7 21. Kf1 Bf6 22. Rg3 Re8 23. Re3 Kc6 24. f4 Bxb2 25. g4 Kd5 26. f5
Bf6 27. Ke2 Rc8 28. Kf3 Kd6 29. Rd3+ Ke7 30. Rd7+ Kf8 31. Rf7+ Kg8 32. Ra7 h6
33. Rxa6 Rxc2 34. Ra8+ Kh7 35. Ra7 Bg5 36. h3 Rc3+ 37. Kg2 Bh4 38. Kh2 Rc2+ 39.
Kg1 Bf2+ 0-1

[Event "DEM U14 2014"]
[Site "Magdeburg GER"]
[Date "2014.06.09"]
[Round "3"]
[White "Niermann, Tristan"]
[Black "Langer, Simon"]
[Result "0-1"]
[Termination "normal"]
[Board "13"]
[WhiteElo "1819"]
[BlackElo "1881"]
[PlyCount "82"]
[WhiteFideId "12990698"]
[BlackFideId "12950386"]
[EventCountry "GER"]
[EventRounds "9"]
[EventType "swiss"]
[EventDate "2014.06.07"]

1. e4 e6 2. d4 c5 3. c3 d5 4. exd5 exd5 5. Nf3 Nf6 6. Bb5+ Nc6 7. O-O Be7 8.
dxc5 Bxc5 9. Bg5 Be7 10. Nd4 Bd7 11. Be3 O-O 12. Nd2 Ng4 13. Bxc6 Nxe3 14. fxe3
bxc6 15. e4 Qb6 16. exd5 cxd5 17. Qb3 Bc5 18. Qxb6 Bxb6 19. Rfe1 Rab8 20. Rab1
Bf5 21. Rbd1 Bxd4+ 22. cxd4 Rxb2 23. Re5 Be6 24. Nb3 Rxa2 25. Nc5 Rb8 26. Nd3
h6 27. h3 a5 28. g4 Rb3 29. Nf4 Rg3+ 30. Kh1 a4 31. Nxe6 fxe6 32. Rxe6 Rxh3+
33. Kg1 Rg3+ 34. Kh1 Rh3+ 35. Kg1 Rg3+ 36. Kh1 Rxg4 37. Re5 Rh4+ 38. Kg1 Rah2
39. Rf1 Rh1+ 40. Kg2 Rxf1 41. Kxf1 Rxd4 0-1

[Event "DEM U14 2014"]
[Site "Magdeburg GER"]
[Date "2014.06.09"]
[Round "3"]
[White "Schnabel, Bennett"]
[Black "Stein, Robert"]
[Result "0-1"]
[Termination "normal"]
[Board "14"]
[WhiteElo "1715"]
[BlackElo "1891"]
[PlyCount "120"]
[WhiteFideId "12943290"]
[BlackFideId "12921084"]
[EventCountry "GER"]
[EventRounds "9"]
[EventType "swiss"]
[EventDate "2014.06.07"]

1. e4 e5 2. Nf3 Nc6 3. Bb5 a6 4. Bxc6 dxc6 5. O-O f6 6. d4 Bg4 7. dxe5 Qxd1 8.
Rxd1 fxe5 9. b3 Bd6 10. Bb2 Ne7 11. Nbd2 b5 12. Re1 Ng6 13. h3 Bd7 14. Rad1 O-O
15. Nf1 Rae8 16. Ng3 Bxh3 17. Nd4 exd4 18. gxh3 Nh4 19. Re2 c5 20. c3 dxc3 21.
Bxc3 Rf7 22. Rd5 Rf3 23. Be1 Ng6 24. Re3 Rxe3 25. fxe3 Ne5 26. Kg2 g6 27. Bc3
c4 28. Bxe5 Rxe5 29. bxc4 bxc4 30. Ne2 Rxe4 31. Kf3 Re5 32. e4 Kf7 33. a4 Kf6
34. Rd4 Rc5 35. Nc3 Ke6 36. Rd2 Be5 37. Rc2 Ra5 38. Ke3 Bxc3 39. Rxc3 Rxa4 40.
Kd4 a5 41. h4 Rb4 42. h5 g5 43. h6 a4 44. Kc5 Rb3 45. Rxc4 a3 46. Ra4 g4 47.
Kc4 Rh3 48. Kd4 Rf3 49. Ra6+ Kd7 50. e5 g3 51. Ke4 g2 52. Kxf3 g1=Q 53. Rxa3
Qh1+ 54. Kg4 Qxh6 55. Rd3+ Ke7 56. Rf3 Qg6+ 57. Kf4 Ke6 58. Rc3 Qf5+ 59. Ke3
Qxe5+ 60. Kd2 Qxc3+ 0-1

[Event "DEM U14 2014"]
[Site "Magdeburg GER"]
[Date "2014.06.09"]
[Round "3"]
[White "Rätzke von Stoyentin, Steffen"]
[Black "Perekhozhuk, Maksym"]
[Result "1-0"]
[Termination "normal"]
[Board "15"]
[WhiteElo "1882"]
[BlackElo "1759"]
[PlyCount "95"]
[WhiteFideId "12907502"]
[BlackFideId "12914860"]
[EventCountry "GER"]
[EventRounds "9"]
[EventType "swiss"]
[EventDate "2014.06.07"]

1. d4 Nf6 2. c4 c5 3. d5 b5 4. Nf3 d6 5. cxb5 a6 6. b6 Nbd7 7. Nc3 g6 8. a4
Nxb6 9. a5 Nbd7 10. e4 Bg7 11. Nd2 Ne5 12. Be2 O-O 13. O-O Bg4 14. f3 Bd7 15.
f4 Neg4 16. Nc4 Nh6 17. Nb6 Ra7 18. h3 Ne8 19. Bc4 Nc7 20. Qe2 Qe8 21. Bd2 Bb5
22. b3 Kh8 23. Rae1 Bd7 24. g4 Nb5 25. Nxb5 Bxb5 26. e5 Bxc4 27. bxc4 Qd8 28.
Bc3 Ng8 29. Qb2 dxe5 30. Bxe5 f6 31. Bc3 Qc7 32. Re6 Bh6 33. Qf2 Rd8 34. Rc6
Qb8 35. Rxc5 Rc7 36. Rxc7 Qxc7 37. g5 Bg7 38. c5 Rf8 39. Qd4 Rf7 40. d6 exd6
41. cxd6 Qd8 42. Qd5 Rf8 43. Rc1 fxg5 44. Bxg7+ Kxg7 45. Rc7+ Kh8 46. Qe5+ Rf6
47. Rd7 Qf8 48. fxg5 1-0

[Event "DEM U14 2014"]
[Site "Magdeburg GER"]
[Date "2014.06.09"]
[Round "3"]
[White "Grimm, Ling Leander"]
[Black "Spitzl, Vinzent"]
[Result "0-1"]
[Termination "normal"]
[Board "16"]
[WhiteElo "1700"]
[BlackElo "1904"]
[PlyCount "46"]
[WhiteFideId "12968277"]
[BlackFideId "12901253"]
[EventCountry "GER"]
[EventRounds "9"]
[EventType "swiss"]
[EventDate "2014.06.07"]

1. e4 c5 2. d4 cxd4 3. c3 dxc3 4. Nxc3 a6 5. Nf3 e6 6. Bc4 b5 7. Bb3 Bb7 8. Qe2
d6 9. O-O Nd7 10. a3 Be7 11. Rd1 Qb8 12. Bf4 e5 13. Bg5 Ngf6 14. Nh4 Nc5 15.
Bc2 g6 16. b4 Ne6 17. Nf3 Nxg5 18. Nxg5 h6 19. Nf3 O-O 20. Qd2 Kh7 21. h3 Rc8
22. g4 Qc7 23. Nd5 Nxd5 0-1

[Event "DEM U14 2014"]
[Site "Magdeburg GER"]
[Date "2014.06.09"]
[Round "3"]
[White "Lai Hop, Long"]
[Black "Reuker, Jari"]
[Result "0-1"]
[Termination "normal"]
[Board "17"]
[WhiteElo "1660"]
[BlackElo "1867"]
[PlyCount "84"]
[WhiteFideId "12942707"]
[BlackFideId "12909300"]
[EventCountry "GER"]
[EventRounds "9"]
[EventType "swiss"]
[EventDate "2014.06.07"]

1. e4 c5 2. Nf3 e6 3. d4 cxd4 4. Nxd4 Nc6 5. Be3 Nf6 6. Bd3 d5 7. Nxc6 bxc6 8.
exd5 cxd5 9. c3 Bd6 10. Nd2 O-O 11. O-O e5 12. Qe2 Bb7 13. Ba6 Bxa6 14. Qxa6
Re8 15. h3 Re6 16. Qe2 h6 17. Nb3 Qc7 18. Rac1 a5 19. Qb5 Bf8 20. c4 d4 21. Bd2
Rea6 22. Qa4 Nd7 23. c5 Nxc5 24. Qb5 Rb6 25. Bxa5 Rxb5 26. Bxc7 Nd3 27. Ra1
Nxb2 28. Nd2 Nd3 29. f4 Nxf4 30. Nc4 Rc5 31. Bxe5 Ne2+ 32. Kf2 Nc3 33. Nb6 Rd8
34. Bxd4 Rxd4 35. a4 Rc6 36. a5 Bc5 37. Rfc1 Rd3+ 38. Ke1 Re6+ 39. Kf1 Rf6+ 40.
Ke1 Bf2+ 41. Kf1 Be3+ 42. Ke1 Bd2# 0-1

[Event "DEM U14 2014"]
[Site "Magdeburg GER"]
[Date "2014.06.09"]
[Round "3"]
[White "Amler, Nick"]
[Black "Tiedemann, Fin Niklas"]
[Result "0-1"]
[Termination "normal"]
[Board "18"]
[WhiteElo "1414"]
[BlackElo "1618"]
[PlyCount "84"]
[WhiteFideId "12930539"]
[BlackFideId "12936936"]
[EventCountry "GER"]
[EventRounds "9"]
[EventType "swiss"]
[EventDate "2014.06.07"]

1. e4 e5 2. Nf3 Nc6 3. d4 exd4 4. Nxd4 Nf6 5. Nxc6 bxc6 6. Nc3 Bb4 7. Qf3 h6 8.
Bd2 d6 9. h3 Be6 10. Bd3 Rb8 11. O-O O-O 12. a3 Ba5 13. b4 Bb6 14. Ne2 c5 15.
Rad1 c4 16. e5 cxd3 17. exf6 dxe2 18. fxg7 exf1=Q+ 19. Rxf1 Kxg7 20. Qg3+ Kh7
21. Qd3+ f5 22. Re1 Qf6 23. Bc3 Qg6 24. a4 a6 25. a5 Ba7 26. Qxa6 Rg8 27. Qc6
Rbc8 28. Kf1 Qf7 29. Qb7 Bb8 30. Kg1 Rxg2+ 31. Kh1 Rgg8 32. Kh2 c6 33. Qxf7+
Bxf7 34. Re7 Rc7 35. Re3 Rd7 36. Bf6 Re8 37. Rd3 d5+ 38. Kg2 Bh5 39. c3 Be5 40.
Bh4 Rg7+ 41. Kh1 Bd6 42. f3 Re2 0-1

[Event "DEM U14 2014"]
[Site "Magdeburg GER"]
[Date "2014.06.09"]
[Round "3"]
[White "Muckle, Julius"]
[Black "Piskaykin, Bogdan"]
[Result "0-1"]
[Termination "normal"]
[Board "19"]
[WhiteElo "1938"]
[BlackElo "1672"]
[PlyCount "61"]
[WhiteFideId "12942430"]
[BlackFideId "12941212"]
[EventCountry "GER"]
[EventRounds "9"]
[EventType "swiss"]
[EventDate "2014.06.07"]

1. d4 d6 2. c4 g6 3. Nc3 Bg7 4. e4 e5 5. d5 a5 6. Be3 Na6 7. Qd2 f5 8. exf5
gxf5 9. Bg5 Bf6 10. h4 h6 11. Bxf6 Nxf6 12. O-O-O Nc5 13. f3 a4 14. Be2 Qe7 15.
Nh3 Qg7 16. Rdg1 Qg3 17. f4 Nfe4 18. Nxe4 Nxe4 19. Qd3 Qxd3 20. Bxd3 Ng3 21.
Rh2 e4 22. Re1 Kf7 23. Re3 Rg8 24. Be2 Bd7 25. Ng5+ hxg5 26. Rxg3 gxf4 27. Bh5+
Kf6 28. Rc3 Rg3 29. Rc2 f3 30. gxf3 Rh8 31. Bg4 0-1

[Event "DEM U14 2014"]
[Site "Magdeburg GER"]
[Date "2014.06.09"]
[Round "3"]
[White "Killgus, Leonard"]
[Black "Rieß, Alexander"]
[Result "0-1"]
[Termination "normal"]
[Board "20"]
[WhiteElo "1732"]
[BlackElo "1856"]
[PlyCount "102"]
[WhiteFideId "12922021"]
[BlackFideId "12953326"]
[EventCountry "GER"]
[EventRounds "9"]
[EventType "swiss"]
[EventDate "2014.06.07"]

1. e4 e6 2. d4 d5 3. Nd2 Nf6 4. e5 Nfd7 5. Bd3 c5 6. c3 Nc6 7. Ne2 cxd4 8. cxd4
f6 9. exf6 Nxf6 10. Nf3 Bd6 11. O-O Qc7 12. Bg5 O-O 13. Bh4 Nh5 14. Bg3 Nxg3
15. hxg3 Bd7 16. Rc1 g6 17. Bb1 Rae8 18. Qd3 Bc8 19. a3 Qf7 20. Nc3 Qg7 21.
Rfd1 Rf7 22. Rd2 Bd7 23. Re1 a6 24. Ng5 Rf5 25. f4 Bb8 26. Nf3 Ba7 27. Qe3 Rff8
28. Nd1 Re7 29. Nf2 Rc8 30. Ng4 Ree8 31. Nge5 Bb8 32. Rdd1 Ba7 33. Nxc6 Bxc6
34. Ne5 Bb5 35. Rc1 a5 36. Bd3 Ba4 37. Nf3 Bd7 38. Rxc8 Rxc8 39. Bb5 Re8 40.
Bxd7 Qxd7 41. Rc1 a4 42. Qc3 Qg7 43. Qb4 b5 44. Rc6 Qb7 45. Qc3 Bb6 46. Kh1 Ba5
47. Qc2 Re7 48. Ng5 Qd7 49. Qc5 h6 50. Rd6 Qe8 51. Nf3 Rc7 0-1